[Event "FICS rated standard game"]
[Site "FICS freechess.org"]
[Date "2017.08.03"]
[Round "?"]
[White "GriffySr"]
[Black "FraLav"]
[Result "1-0"]
[WhiteElo "2246"]
[BlackElo "2095"]
[PlyCount "113"]
[EventDate "2017.??.??"]
[EventType "swiss"]

1. e4 c5 2. Nf3 d6 3. d4 cxd4 4. Nxd4 Nf6 5. Nc3 Nc6 6. Be2 e5 7. Nf3 Be7 8.
Bg5 O-O 9. O-O Be6 10. Qd3 Rc8 11. Qe3 a6 12. Rad1 Qa5 13. Bxf6 Bxf6 14. Nd5
Bxd5 15. Rxd5 Qxa2 16. Qb6 Nd4 17. Nxd4 exd4 18. Bd3 Rfd8 19. Ra5 Qe6 20. Qxb7
Rb8 21. Qxa6 Rxb2 22. Rb5 Rxb5 23. Qxb5 h6 24. Ra1 Qe5 25. Ra7 Qxb5 26. Bxb5
Rc8 27. Bd3 Be5 28. f3 g5 29. h3 Kg7 30. Kf2 Kf6 31. Rb7 Kg7 32. g3 Rd8 33. Bc4
Rf8 34. Be6 Kf6 35. Bd5 Kg7 36. h4 Kf6 37. h5 Kg7 38. Kg2 Kf6 39. Ra7 Kg7 40.
Rb7 Kf6 41. Ra7 Kg7 42. Rd7 Kf6 43. Rb7 Kg7 44. Rd7 Kf6 45. Rb7 Kg7 46. Kh3 Kf6
47. Kg4 Kg7 48. Kh3 Kf6 49. Kg4 Kg7 50. f4 gxf4 51. gxf4 Bf6 52. Kf5 Bd8 53.
Rd7 Bh4 54. Rxd6 f6 55. Rd7+ Kh8 56. Kg6 Rc8 57. Rh7# 1-0

[Event "69th ch-2017"]
[Site "Bar MNE"]
[Date "2017.08.02"]
[Round "5.6"]
[White "Riemelmoser, F."]
[Black "Fuchs, Judith"]
[Result "1/2-1/2"]
[WhiteElo "1946"]
[BlackElo "2096"]
[PlyCount "136"]
[EventDate "2017.03.11"]
[EventType "swiss"]
[EventRounds "11"]
[EventCountry "YUG"]
[SourceTitle "The Week in Chess 1187"]
[Source "Mark Crowther"]
[SourceDate "2017.08.07"]
[SourceVersion "1"]
[SourceVersionDate "2017.08.07"]
[SourceQuality "2"]

1. e4 c5 2. Nf3 Nc6 3. d4 cxd4 4. Nxd4 Nf6 5. Nc3 d6 6. Be2 e5 7. Nb3 Be7 8.
Bg5 Be6 9. Bxf6 Bxf6 10. Nd5 Bg5 11. O-O O-O 12. Bg4 g6 13. Bxe6 fxe6 14. Nc3
a5 15. a4 Nb4 16. Qe2 Qe7 17. Rad1 Rfd8 18. Nb5 d5 19. c3 Nc6 20. g3 Bf6 21.
Rd3 d4 22. Rfd1 dxc3 23. bxc3 Rxd3 24. Rxd3 Rd8 25. Qd1 Rxd3 26. Qxd3 b6 27.
Kf1 Na7 28. Nxa7 Qxa7 29. Qc4 Kf7 30. Qc6 Qb8 31. Ke2 Be7 32. Kd3 Qd8+ 33. Kc2
h5 34. h4 g5 35. hxg5 Bxg5 36. c4 h4 37. gxh4 Bxh4 38. f3 Bf2 39. c5 bxc5 40.
Nxc5 Bxc5 41. Qxc5 Kf6 42. Qc3 Qb6 43. Kc1 Kf7 44. Kd1 Qb1+ 45. Kd2 Qa2+ 46.
Qc2 Qa3 47. Qc7+ Kf6 48. Qxa5 Qxf3 49. Qd8+ Kf7 50. Qa8 Qf2+ 51. Kc3 Qd4+ 52.
Kb3 Qd3+ 53. Kb4 Qd4+ 54. Kb5 Qd3+ 55. Kb6 Qd4+ 56. Kc7 Ke7 57. Qc6 Qd2 58.
Qc5+ Ke8 59. a5 Qd8+ 60. Kb7 Qd7+ 61. Kb8 Qd4 62. Qc8+ Ke7 63. Qb7+ Kf6 64. a6
Qd8+ 65. Qc8 Qb6+ 66. Ka8 Kg5 67. Qb7 Qd8+ 68. Ka7 Qd4+ 1/2-1/2

[Event "FICS rated standard game"]
[Site "FICS freechess.org"]
[Date "2017.08.02"]
[Round "?"]
[White "rodnojo"]
[Black "NightFury"]
[Result "0-1"]
[WhiteElo "1959"]
[BlackElo "2112"]
[PlyCount "102"]
[EventDate "2017.??.??"]
[EventType "swiss"]

1. e4 c5 2. Nf3 d6 3. d4 cxd4 4. Nxd4 Nf6 5. Nc3 Nc6 6. Be2 e5 7. Ndb5 a6 8.
Na3 Be6 9. Bg5 h6 10. Bxf6 Qxf6 11. Nd5 Bxd5 12. exd5 Nd4 13. Bd3 Qg5 14. O-O
Be7 15. c3 Nf5 16. Nc4 Nh4 17. g3 b5 18. Ne3 O-O 19. f4 exf4 20. Rxf4 Rae8 21.
Nf5 Nxf5 22. Bxf5 Bf6 23. Qf3 Be5 24. Rg4 Qd2 25. Rb1 Bf6 26. Qf4 Qxd5 27. Bc2
Re2 28. Be4 Qe5 29. Qxe5 dxe5 30. Bb7 Rd8 31. Re4 Rxe4 32. Bxe4 Rd2 33. Bb7 a5
34. Ba6 b4 35. c4 e4 36. b3 e3 37. Re1 Rxa2 38. Bb5 Bd4 39. Kh1 Rb2 40. Ba4 e2
41. Kg2 Bc3 42. Kf2 Bxe1+ 43. Kxe1 Kf8 44. c5 Ke7 45. c6 Kd6 46. h3 f5 47. Kf2
g5 48. Ke1 f4 49. gxf4 gxf4 50. h4 f3 51. Kf2 Rb1 0-1

[Event "FICS rated lightning game"]
[Site "FICS freechess.org"]
[Date "2017.08.01"]
[Round "?"]
[White "TurkishTickler"]
[Black "LittleLurking"]
[Result "1-0"]
[WhiteElo "2072"]
[BlackElo "1966"]
[PlyCount "63"]
[EventDate "2017.??.??"]
[EventType "swiss"]

1. e4 c5 2. Nc3 Nc6 3. Nf3 d6 4. d4 cxd4 5. Nxd4 Nf6 6. Be2 e5 7. Nxc6 bxc6 8.
O-O a6 9. Kh1 Be6 10. f4 a5 11. f5 h5 12. fxe6 fxe6 13. Bg5 Rb8 14. b3 Rb4 15.
Na4 Rd4 16. Bd3 Rg8 17. c3 Rxa4 18. bxa4 Qb6 19. Bxf6 gxf6 20. Qxh5+ Ke7 21.
Rxf6 Kxf6 22. Rf1+ Ke7 23. Qf7+ Kd8 24. Qxg8 Qb2 25. Qxf8+ Kc7 26. Rf7+ Kb6 27.
Qb8+ Kc5 28. Qxb2 d5 29. Qa3+ Kb6 30. Qd6 dxe4 31. Bb5 e3 32. Qxc6# 1-0

[Event "FICS rated standard game"]
[Site "FICS freechess.org"]
[Date "2017.07.31"]
[Round "?"]
[White "elisabeth"]
[Black "NightFury"]
[Result "0-1"]
[WhiteElo "1964"]
[BlackElo "2091"]
[PlyCount "84"]
[EventDate "2017.??.??"]
[EventType "swiss"]

1. e4 c5 2. Nf3 d6 3. d4 cxd4 4. Nxd4 Nf6 5. Nc3 Nc6 6. Be2 e5 7. Nb3 Be7 8.
O-O a5 9. a4 Be6 10. f4 Qc7 11. f5 Bxb3 12. cxb3 Nb4 13. Be3 O-O 14. Rc1 Qd8
15. g4 Nd7 16. Qd2 Nc5 17. Bc4 h6 18. Nd5 Nxe4 19. Qg2 Nc5 20. f6 Nxd5 21. fxg7
Nxe3 22. gxf8=Q+ Qxf8 23. Qf3 Nxf1 24. Rxf1 Bg5 25. Bxf7+ Kg7 26. Qf5 Bf4 27.
Qg6+ Kh8 28. Bd5 Qg7 29. Qh5 Rf8 30. h3 Be3+ 31. Kg2 Rxf1 32. Kxf1 Qf6+ 33. Qf5
Qxf5+ 34. gxf5 Kg7 35. Ke2 Bd4 36. Kf3 Bxb2 37. Kg4 e4 38. h4 Kf6 39. Kh5 Bc1
40. Kg4 b6 41. Bc4 Ke5 42. Bf7 Bd2 0-1

[Event "POL-chT U20 1st League"]
[Site "Szczyrk"]
[Date "2017.07.30"]
[Round "9.22"]
[White "Gorkiewicz, Mateusz"]
[Black "Wojdak, Jan"]
[Result "1-0"]
[WhiteElo "1764"]
[BlackElo "1527"]
[PlyCount "57"]
[EventDate "2017.07.22"]
[EventType "team-tourn"]
[EventRounds "9"]
[EventCountry "POL"]
[SourceTitle "OM OTB B 201907"]
[Source "Opening Master"]
[SourceDate "2019.07.06"]
[SourceVersion "2"]
[SourceVersionDate "2019.07.06"]
[SourceQuality "1"]

1. e4 c5 2. Nf3 Nc6 3. d4 cxd4 4. Nxd4 Nf6 5. Nc3 d6 6. Be2 e5 7. Nxc6 bxc6 8.
Qd3 h6 9. Qg3 Qc7 10. O-O Be6 11. Kh1 g5 12. Be3 Be7 13. Rad1 g4 14. f4 gxf3
15. Rxf3 Rg8 16. Qe1 Rb8 17. b3 h5 18. Rg3 Bg4 19. h3 Bxe2 20. Rxg8+ Nxg8 21.
Nxe2 Nf6 22. Ng3 h4 23. Nf5 Nxe4 24. Bxa7 Ng3+ 25. Nxg3 Qxa7 26. Nf5 Rd8 27.
Qe4 Qc7 28. Ng7+ Kf8 29. Qh7 1-0

[Event "FICS rated standard game"]
[Site "FICS freechess.org"]
[Date "2017.07.25"]
[Round "?"]
[White "Sobujbiswas"]
[Black "exeComp"]
[Result "0-1"]
[WhiteElo "1754"]
[BlackElo "2622"]
[PlyCount "40"]
[EventDate "2017.??.??"]
[EventType "swiss"]

1. e4 c5 2. Nf3 d6 3. d4 cxd4 4. Nxd4 Nf6 5. Nc3 Nc6 6. Be2 e5 7. Nb3 Be7 8.
Be3 Be6 9. Qd2 d5 10. exd5 Nxd5 11. Nxd5 Qxd5 12. Qxd5 Bxd5 13. O-O-O O-O-O 14.
Bb5 a6 15. Bf1 Kc7 16. f3 Nb4 17. Kb1 Bxb3 18. Rxd8 Rxd8 19. cxb3 Rd1+ 20. Bc1
Bg5 0-1

[Event "Poti op 12th"]
[Site "Poti"]
[Date "2017.07.22"]
[Round "9"]
[White "Visakh, NR."]
[Black "Mchedlishvili, Mikheil"]
[Result "1/2-1/2"]
[WhiteElo "2470"]
[BlackElo "2602"]
[PlyCount "20"]
[EventDate "2017.07.14"]
[EventType "swiss"]
[EventRounds "9"]
[EventCountry "GEO"]
[SourceTitle "OM OTB B 201907"]
[Source "Opening Master"]
[SourceDate "2019.07.06"]
[SourceVersion "2"]
[SourceVersionDate "2019.07.06"]
[SourceQuality "1"]

1. e4 c5 2. Nf3 d6 3. d4 cxd4 4. Nxd4 Nf6 5. Nc3 Nc6 6. Be2 e5 7. Nb3 Be7 8.
O-O O-O 9. Bg5 Be6 10. Qd3 a5 1/2-1/2

[Event "IND-ch Challengers (Women) 44th"]
[Site "Mysore"]
[Date "2017.07.21"]
[Round "1"]
[White "Garima, Gaurav"]
[Black "Soumya, Swaminathan"]
[Result "0-1"]
[WhiteElo "1535"]
[BlackElo "2349"]
[PlyCount "130"]
[EventDate "2017.07.21"]
[EventType "swiss"]
[EventRounds "11"]
[EventCountry "IND"]
[SourceTitle "OM OTB B 201907"]
[Source "Opening Master"]
[SourceDate "2019.07.06"]
[SourceVersion "2"]
[SourceVersionDate "2019.07.06"]
[SourceQuality "1"]

1. e4 c5 2. Nf3 Nc6 3. d4 cxd4 4. Nxd4 Nf6 5. Nc3 d6 6. Be2 e5 7. Nb3 Be7 8.
O-O O-O 9. Be3 a5 10. a4 Be6 11. Nd2 d5 12. exd5 Nxd5 13. Nxd5 Bxd5 14. Bc4 Rc8
15. Bxd5 Qxd5 16. Nb3 Qc4 17. c3 Rfd8 18. Qc2 Nb4 19. Qf5 Qxb3 20. cxb4 Qxb4
21. Qxe5 Bf6 22. Qg3 Qxb2 23. Rab1 Qa2 24. Rb6 Bc3 25. Rxb7 Qxa4 26. Qf3 Qc4
27. Rc1 a4 28. Qf4 Qd5 29. Qf3 Qa2 30. g3 h6 31. Qg4 Qc4 32. Qxc4 Rxc4 33. Bb6
Rdc8 34. Ra7 Bb2 35. Rd1 Rc1 36. Rxc1 Rxc1+ 37. Kg2 a3 38. Be3 Rc4 39. Kf3 h5
40. h4 Kh7 41. Ra5 Kg6 42. Bg5 f6 43. Be3 Kf7 44. Ra6 Ke7 45. Ke2 Kd7 46. Kd3
Rc3+ 47. Ke2 Kc7 48. Kd1 Kb7 49. Rb6+ Kc7 50. Ra6 Rc6 51. Ra5 Rc4 52. Ra6 Rc3
53. Ke2 Kb7 54. Ra7+ Kc6 55. Ra5 Rb3 56. Rc5+ Kb7 57. Ra5 Bc3 58. Ra7+ Kb8 59.
Bc5 Rb5 60. Be3 Ra5 61. Rxa5 Bxa5 62. Bd4 Kb7 63. Kd3 Bb6 64. Bxb6 Kxb6 65. Kc4
a2 0-1

[Event "ZN-2017-0-03542"]
[Site "Lechenicher SchachServer"]
[Date "2017.07.20"]
[Round "9.3"]
[White "Chen, Richard"]
[Black "Gsteu, Peter"]
[Result "0-1"]
[WhiteElo "1695"]
[BlackElo "2186"]
[PlyCount "154"]
[EventDate "2017.04.18"]
[SourceTitle "The Week in Chess 1185"]
[Source "Mark Crowther"]
[SourceDate "2017.07.24"]
[SourceVersion "1"]
[SourceVersionDate "2017.07.24"]
[SourceQuality "2"]

1. e4 c5 2. Nf3 Nc6 3. d4 cxd4 4. Nxd4 Nf6 5. Nc3 d6 6. Be2 e5 7. Nb3 Be7 8.
O-O O-O 9. Kh1 a5 10. Be3 a4 11. Nd2 Be6 12. Nc4 b5 13. Nxb5 Nxe4 14. Nb6 Ra5
15. Nd5 Qd7 16. Bb6 Raa8 17. f3 Bxd5 18. Qxd5 Nf6 19. Qd2 d5 20. Bg1 Rfb8 21.
Rab1 Nd8 22. Nc3 Bb4 23. a3 Ba5 24. f4 d4 25. Bf3 e4 26. Qxd4 Qxd4 27. Bxd4
Bxc3 28. Bxc3 exf3 29. Rxf3 Ne4 30. Re1 f5 31. Be5 Rc8 32. c3 h5 33. h3 h4 34.
Kh2 Nc6 35. Rd3 Re8 36. Bc7 Ng3 37. Red1 Re7 38. Bb6 Rb8 39. Bf2 Rxb2 40. Bxg3
hxg3+ 41. Rxg3 Rb3 42. Rd6 Rc7 43. c4 Na5 44. Ra6 Rc5 45. Ra8+ Kf7 46. Ra7+ Rb7
47. Ra6 Nxc4 48. Rxa4 Nd2 49. Rd3 Ne4 50. Rad4 Rb2 51. Rb4 Rcc2 52. Rxb2 Rxb2
53. a4 Ra2 54. Rd5 Kg6 55. a5 Nc3 56. Rd6+ Kh7 57. a6 Ne2 58. Rd5 Kg6 59. Rd6+
Kh5 60. Rd5 g6 61. Rd7 Nxf4 62. Kg3 Nxg2 63. a7 Nh4 64. Kf4 g5+ 65. Ke5 f4 66.
Kf6 Ra6+ 67. Ke5 f3 68. Rh7+ Kg6 69. Rc7 Ra5+ 70. Ke4 f2 71. Rc6+ Kh5 72. Rf6
Rxa7 73. Rxf2 Ra4+ 74. Kd5 Ra3 75. Rh2 Ng6 76. Ke4 Kh4 77. Rg2 Rxh3 0-1

[Event "Temuco Universidad de La Frontera"]
[Site "Temuco"]
[Date "2017.07.20"]
[Round "6"]
[White "Castillo Rivera, Carlos Albert"]
[Black "Navarrete Sandoval, Francisco"]
[Result "1-0"]
[WhiteElo "2020"]
[BlackElo "1892"]
[PlyCount "53"]
[EventDate "2017.07.19"]
[EventType "tourn"]
[EventRounds "9"]
[EventCountry "CHI"]
[SourceTitle "OM OTB B 201907"]
[Source "Opening Master"]
[SourceDate "2019.07.06"]
[SourceVersion "2"]
[SourceVersionDate "2019.07.06"]
[SourceQuality "1"]

1. e4 c5 2. Nf3 d6 3. d4 cxd4 4. Nxd4 Nf6 5. Nc3 Nc6 6. Be2 e5 7. Nf3 h6 8. h3
Be7 9. O-O O-O 10. Re1 a6 11. a4 Qc7 12. Nd5 Nxd5 13. exd5 Nb4 14. c3 e4 15.
Nh2 Nd3 16. Bxd3 exd3 17. Qxd3 b6 18. Nf3 Bf6 19. Bf4 Bd7 20. Nd2 Rfe8 21.
Rxe8+ Bxe8 22. Nc4 Be7 23. Ne3 Bg5 24. Bxg5 hxg5 25. Qd4 Rc8 26. Nf5 Bxa4 27.
Qxg7# 1-0

[Event "Dhaka Powertec op-B"]
[Site "Dhaka"]
[Date "2017.07.19"]
[Round "5"]
[White "Abdul, Momin"]
[Black "Islam, Mohammad Aminul"]
[Result "1-0"]
[WhiteElo "1985"]
[BlackElo "1928"]
[PlyCount "79"]
[EventDate "2017.07.15"]
[EventType "swiss"]
[EventRounds "9"]
[EventCountry "BAN"]
[SourceTitle "OM OTB B 201907"]
[Source "Opening Master"]
[SourceDate "2019.07.06"]
[SourceVersion "2"]
[SourceVersionDate "2019.07.06"]
[SourceQuality "1"]

1. e4 c5 2. Nf3 Nc6 3. d4 cxd4 4. Nxd4 Nf6 5. Nc3 d6 6. Be2 e5 7. Ndb5 a6 8.
Na3 b5 9. Nab1 Be6 10. Bg5 Be7 11. Bxf6 Bxf6 12. Nd5 O-O 13. Nbc3 b4 14. Nxf6+
Qxf6 15. Nd5 Bxd5 16. Qxd5 Nd4 17. Bd3 Rac8 18. Rc1 Qe7 19. Qa5 d5 20. h4 Kh8
21. c4 f5 22. exd5 e4 23. Be2 e3 24. f3 Qe5 25. Qxb4 Rb8 26. Qc3 Qg3+ 27. Kd1
Nxe2 28. Kxe2 Qf2+ 29. Kd3 Rxb2 30. Rc2 Rxc2 31. Qxc2 Qg3 32. Kxe3 Re8+ 33. Kd3
f4 34. Kd4 h6 35. c5 g5 36. hxg5 Qxg5 37. c6 Re3 38. Rb1 Qe5+ 39. Kc4 Re2 40.
Qc3 1-0

[Event "TCh-AUT 2017-18"]
[Site "Austria AUT"]
[Date "2017.07.19"]
[Round "4.11"]
[White "Bulduk, I."]
[Black "Ozsac, Samet Harun"]
[Result "1/2-1/2"]
[WhiteElo "1965"]
[BlackElo "1970"]
[PlyCount "40"]
[EventDate "2017.11.16"]
[EventType "team"]
[EventRounds "11"]
[EventCountry "AUT"]
[SourceTitle "The Week in Chess 1185"]
[Source "Mark Crowther"]
[SourceDate "2017.07.24"]
[SourceVersion "1"]
[SourceVersionDate "2017.07.24"]
[SourceQuality "2"]
[WhiteTeam "Cimmeria (Republic of Crimea)"]
[BlackTeam "ISTANBUL TEKNIK UNIVERSITESI SPOR K"]

1. e4 c5 2. Nf3 Nc6 3. d4 cxd4 4. Nxd4 Nf6 5. Nc3 d6 6. Be2 e5 7. Nb3 Be6 8.
Bg5 Be7 9. O-O O-O 10. Qd2 h6 11. Bxf6 Bxf6 12. Rad1 Be7 13. Nd5 Bg5 14. Qd3 f5
15. f4 exf4 16. Nxf4 Qb6+ 17. Kh1 Ne5 18. Qxd6 Qxd6 19. Rxd6 Bxb3 20. axb3 fxe4
1/2-1/2

[Event "Temuco Universidad de La Frontera"]
[Site "Temuco"]
[Date "2017.07.19"]
[Round "3"]
[White "Barriga Silva, Felipe"]
[Black "Navarrete Sandoval, Francisco"]
[Result "0-1"]
[WhiteElo "2039"]
[BlackElo "1892"]
[PlyCount "82"]
[EventDate "2017.07.19"]
[EventType "tourn"]
[EventRounds "9"]
[EventCountry "CHI"]
[SourceTitle "OM OTB B 201907"]
[Source "Opening Master"]
[SourceDate "2019.07.06"]
[SourceVersion "2"]
[SourceVersionDate "2019.07.06"]
[SourceQuality "1"]

1. e4 c5 2. Nf3 d6 3. d4 cxd4 4. Nxd4 Nf6 5. Nc3 Nc6 6. Be2 e5 7. Nb3 Be7 8.
O-O O-O 9. Be3 a5 10. f4 a4 11. fxe5 dxe5 12. Nc5 Qb6 13. Rxf6 Bxc5 14. Bxc5
Qxc5+ 15. Rf2 a3 16. Qc1 Be6 17. Nb5 Nd4 18. Nxd4 Qxd4 19. bxa3 f5 20. Qd1 Qc5
21. exf5 Rxf5 22. Bf3 e4 23. Qe2 e3 24. Rff1 Bc4 25. Qe1 Bxf1 26. Qxf1 Rd8 27.
Kh1 Qxc2 28. Re1 Re5 29. Be2 Rf5 30. Qg1 Rd2 31. Bd1 Qe4 32. Bb3+ Kh8 33. Rc1
g6 34. Rc8+ Kg7 35. Rc7+ Kf6 36. Rxh7 Rb2 37. Rf7+ Kg5 38. Rh7 Rb1 39. Bd1 e2
40. h4+ Qxh4+ 41. Rxh4 exd1=Q 0-1

[Event "26th TCh-CRO Women 2017"]
[Site "Mati Losinj CRO"]
[Date "2017.07.16"]
[Round "5.4"]
[White "Badrakova, Kseniya"]
[Black "Grah Matej (SLO)"]
[Result "1/2-1/2"]
[WhiteElo "2019"]
[BlackElo "2063"]
[PlyCount "33"]
[EventDate "2017.09.28"]
[EventType "team"]
[EventRounds "9"]
[EventCountry "PHI"]
[SourceTitle "The Week in Chess 1185"]
[Source "Mark Crowther"]
[SourceDate "2017.07.24"]
[SourceVersion "1"]
[SourceVersionDate "2017.07.24"]
[SourceQuality "2"]

1. e4 c5 2. Nf3 d6 3. d4 cxd4 4. Nxd4 Nf6 5. Nc3 Nc6 6. Be2 e5 7. Nb3 Be7 8.
O-O O-O 9. Be3 a5 10. a4 Nb4 11. Nd5 Nfxd5 12. exd5 Bf5 13. Rc1 Na2 14. Ra1 Nb4
15. Rc1 Na2 16. Ra1 Nb4 17. Rc1 1/2-1/2

[Event "SD-2017-0-00279"]
[Site "Lechenicher SchachServer"]
[Date "2017.07.16"]
[Round "2.1"]
[White "Mastroddi, E."]
[Black "Raguz Ivanka (CRO)"]
[Result "0-1"]
[WhiteElo "2055"]
[BlackElo "2527"]
[PlyCount "132"]
[EventDate "2017.05.25"]
[SourceTitle "The Week in Chess 1185"]
[Source "Mark Crowther"]
[SourceDate "2017.07.24"]
[SourceVersion "1"]
[SourceVersionDate "2017.07.24"]
[SourceQuality "2"]

1. e4 c5 2. Nf3 d6 3. d4 cxd4 4. Nxd4 Nf6 5. Nc3 Nc6 6. Be2 e5 7. Nb3 Be7 8.
Bg5 O-O 9. O-O Be6 10. Qd2 a6 11. Rfd1 Ne8 12. Bxe7 Nxe7 13. Nc5 Qc7 14. Nxe6
fxe6 15. Bg4 Rf6 16. Bh5 g6 17. Bg4 Rd8 18. Ne2 Nc6 19. c3 Qf7 20. Ng3 Rf4 21.
Qe2 h5 22. Bh3 Ng7 23. Nf1 Rf8 24. Rd2 Qc7 25. Qe3 Na5 26. b3 b6 27. Rc1 Kh7
28. Qe1 Nb7 29. g3 Rf3 30. c4 a5 31. Bg2 R3f6 32. h4 Nc5 33. Nh2 Ne8 34. Qe3
Kg7 35. Nf3 R8f7 36. Ng5 Re7 37. Bh3 Nb7 38. Rcd1 Nd8 39. Kg2 Nf7 40. Rh1 Qc6
41. Rhd1 Nxg5 42. hxg5 Rf8 43. g4 Rf4 44. f3 Kf8 45. gxh5 gxh5 46. Rg1 Ng7 47.
Qd3 Rd7 48. Kf2 Qc5+ 49. Kg2 Ke7 50. Kh2 Kd8 51. Qe2 Kc7 52. Rd3 Kd8 53. Qb2
Ke7 54. a3 Rd8 55. Rc1 Kf7 56. b4 axb4 57. axb4 Qc7 58. Qa2 Kg6 59. Ra3 Qf7 60.
Ra7 Qf8 61. Rxg7+ Kxg7 62. Bxe6 Ra8 63. Qe2 Rxf3 64. Bf5 Raa3 65. Ra1 Rh3+ 66.
Bxh3 Qf4+ 0-1

[Event "Leiria op 5th"]
[Site "Leiria"]
[Date "2017.07.15"]
[Round "2"]
[White "Bray, Jose Manuel"]
[Black "Costa, Paulo Jorge Lopes"]
[Result "0-1"]
[WhiteElo "1785"]
[BlackElo "2108"]
[PlyCount "69"]
[EventDate "2017.07.14"]
[EventType "swiss"]
[EventRounds "5"]
[EventCountry "POR"]
[SourceTitle "OM OTB B 201907"]
[Source "Opening Master"]
[SourceDate "2019.07.06"]
[SourceVersion "2"]
[SourceVersionDate "2019.07.06"]
[SourceQuality "1"]

1. e4 c5 2. Nf3 d6 3. d4 cxd4 4. Nxd4 Nf6 5. Nc3 Nc6 6. Be2 e5 7. Nb3 Be7 8.
O-O O-O 9. Be3 a5 10. a4 Be6 11. f4 Nb4 12. f5 Bd7 13. Nd5 Nfxd5 14. exd5 Bg5
15. Bxg5 Qxg5 16. c3 Nxd5 17. Bf3 e4 18. Qxd5 Bc6 19. Qd2 Qxd2 20. Nxd2 exf3
21. Nxf3 Rfe8 22. Nd4 Re5 23. b3 Rc8 24. Rae1 Kf8 25. c4 Rce8 26. Rxe5 dxe5 27.
Nxc6 bxc6 28. Kf2 Rd8 29. Ke3 Ke7 30. Rb1 Rd4 31. g3 Kd6 32. Rf1 f6 33. Rf4
Rxf4 34. gxf4 exf4+ 35. Kd4 0-1

[Event "45th GM 2017"]
[Site "Dortmund GER"]
[Date "2017.07.15"]
[Round "1.35"]
[White "Rambousek, J."]
[Black "Stetz, J."]
[Result "1-0"]
[WhiteElo "2070"]
[BlackElo "1841"]
[PlyCount "53"]
[EventDate "2017.07.15"]
[EventType "tourn"]
[EventRounds "7"]
[EventCountry "GER"]
[EventCategory "19"]
[SourceTitle "The Week in Chess 1184"]
[Source "Mark Crowther"]
[SourceDate "2017.07.18"]
[SourceVersion "1"]
[SourceVersionDate "2017.07.18"]
[SourceQuality "2"]

1. e4 c5 2. Nf3 Nc6 3. d4 cxd4 4. Nxd4 Nf6 5. Nc3 d6 6. Be2 e5 7. Nb3 Be7 8.
O-O O-O 9. Kh1 Be6 10. f4 exf4 11. Bxf4 Qd7 12. Qe1 Rad8 13. Rd1 Qc7 14. Qg3
Rfe8 15. Bh6 g6 16. Bg5 Kg7 17. Qf4 Ng8 18. Bxe7 Rxe7 19. Rxd6 Rxd6 20. Qxd6
Rd7 21. Qf4 b6 22. Nd5 f5 23. c4 Nge7 24. exf5 Nxd5 25. cxd5 Bxd5 26. f6+ Kg8
27. Bg4 1-0

[Event "FICS rated blitz game"]
[Site "FICS freechess.org"]
[Date "2017.07.07"]
[Round "?"]
[White "MauLo"]
[Black "ShettyBossS"]
[Result "1-0"]
[WhiteElo "2118"]
[BlackElo "1973"]
[PlyCount "67"]
[EventDate "2017.??.??"]
[EventType "blitz"]

1. e4 c5 2. Nf3 d6 3. d4 cxd4 4. Nxd4 Nf6 5. Nc3 Nc6 6. Be2 e5 7. Nf3 h6 8. O-O
Be7 9. Re1 O-O 10. h3 Be6 11. Bf1 Qb6 12. Nd5 Bxd5 13. exd5 Nb8 14. c4 Nbd7 15.
Rb1 Rac8 16. b4 Qd8 17. Qb3 b6 18. Bd2 Re8 19. a4 e4 20. Nd4 Ne5 21. Bf4 Nd3
22. Bxd3 exd3 23. Qxd3 Qd7 24. Nc6 Bf8 25. Qf3 a6 26. Bxh6 Nh7 27. Be3 g6 28.
Bxb6 Bg7 29. Qg4 Qb7 30. c5 Nf6 31. Qf3 a5 32. bxa5 dxc5 33. Bxc5 Qd7 34. Ne7+
1-0

[Event "Sochi RUS, 67th Women Ch HL "]
[Site "Sochi RUS"]
[Date "2017.07.06"]
[Round "5.21"]
[White "Belova, Olga"]
[Black "Korchagina, Victoria"]
[Result "1-0"]
[WhiteElo "2064"]
[BlackElo "2154"]
[PlyCount "99"]
[EventDate "2017.07.02"]
[EventType "swiss"]
[EventRounds "9"]
[EventCountry "RUS"]
[SourceTitle "OM OTB B 201907"]
[Source "Opening Master"]
[SourceDate "2019.07.06"]
[SourceVersion "2"]
[SourceVersionDate "2019.07.06"]
[SourceQuality "1"]

1. e4 c5 2. Nf3 d6 3. d4 cxd4 4. Nxd4 Nf6 5. Nc3 Nc6 6. Be2 e5 7. Nb3 Be7 8.
O-O O-O 9. f4 a5 10. a4 Nb4 11. Be3 Be6 12. Bf3 exf4 13. Bxf4 Nxc2 14. Qxc2
Qb6+ 15. Qf2 Qxb3 16. Rfd1 Rfd8 17. Nb5 d5 18. Nd4 Qb4 19. e5 Nd7 20. Qg3 Nf8
21. Kh1 Ng6 22. Bh5 Qb6 23. Be3 Bh4 24. Qf3 Nxe5 25. Qf4 Bf6 26. Nb5 Qc6 27.
Rac1 Qd7 28. Rc7 Qe8 29. Bd4 Ng6 30. Bxg6 hxg6 31. Bxf6 gxf6 32. Qxf6 Rd7 33.
Rc3 Rc8 34. Rg3 Rc4 35. Nd4 Qe7 36. Qe5 Qd6 37. Qf6 Qe7 38. Qf4 Rdc7 39. b3 Rc3
40. Rg5 Rc8 41. h4 Kg7 42. h5 Bd7 43. Re5 Qd6 44. h6+ Kh7 45. Qxf7+ Kxh6 46.
Re7 Rc1 47. Qh7+ Kg5 48. Nf3+ Kf5 49. Qh3+ Kf6 50. Qh4+ 1-0

[Event "RN-01309"]
[Site "LSS"]
[Date "2017.07.05"]
[Round "?"]
[White "Custodio, Caetano"]
[Black "Neuhausen, Rainer"]
[Result "1-0"]
[WhiteElo "1214"]
[BlackElo "1137"]
[PlyCount "27"]
[EventDate "2017.06.25"]
[SourceTitle "LSS to Dec2020"]
[Source "LSS ed TH"]
[SourceDate "2021.01.12"]
[SourceVersion "3"]
[SourceVersionDate "2021.01.12"]
[SourceQuality "1"]

1. e4 c5 2. Nf3 d6 3. d4 cxd4 4. Nxd4 Nf6 5. Nc3 Nc6 6. Be2 e5 7. Ndb5 Be6 8.
Bg5 Qb6 9. Be3 Qd8 10. O-O a6 11. Na3 b5 12. Nd5 Nxe4 13. Bb6 Qd7 14. Nc7+ 1-0

[Event "13th Baltic Pearl Open"]
[Site "Lazy POL"]
[Date "2017.07.03"]
[Round "8.17"]
[White "Reiss, Peter"]
[Black "Stupak, K."]
[Result "0-1"]
[WhiteElo "1632"]
[BlackElo "1815"]
[PlyCount "50"]
[EventDate "2017.06.25"]
[EventType "swiss"]
[EventRounds "9"]
[EventCountry "POL"]
[SourceTitle "The Week in Chess 1184"]
[Source "Mark Crowther"]
[SourceDate "2017.07.18"]
[SourceVersion "1"]
[SourceVersionDate "2017.07.18"]
[SourceQuality "2"]

1. e4 c5 2. Nf3 Nc6 3. d4 cxd4 4. Nxd4 Nf6 5. Nc3 d6 6. Be2 e5 7. Nf3 h6 8. h3
Be6 9. Be3 Be7 10. Qd2 O-O 11. O-O-O Qa5 12. a3 Rab8 13. Kb1 b5 14. Nd5 b4 15.
axb4 Nxb4 16. Bc4 Nfxd5 17. exd5 Bf5 18. Ne1 Rfc8 19. Bb3 Rxc2 20. Nxc2 Bxc2+
21. Bxc2 Qa2+ 22. Kc1 Qa1+ 23. Bb1 Rc8+ 24. Qc3 Rxc3+ 25. bxc3 Qxc3+ 0-1

[Event "FICS rated lightning game"]
[Site "FICS freechess.org"]
[Date "2017.07.03"]
[Round "?"]
[White "TurkishTickler"]
[Black "LittleLurking"]
[Result "1-0"]
[WhiteElo "2182"]
[BlackElo "1967"]
[PlyCount "49"]
[EventDate "2017.??.??"]
[EventType "swiss"]

1. e4 c5 2. Nc3 Nc6 3. Nf3 d6 4. d4 cxd4 5. Nxd4 Nf6 6. Be2 e5 7. Nxc6 bxc6 8.
O-O Rb8 9. b3 Qc7 10. Be3 Qa5 11. Qd2 Qb4 12. a3 Qb7 13. f4 Bg4 14. Rad1 Bxe2
15. Qxe2 Qc7 16. fxe5 Qa5 17. exf6 Qxc3 18. Bd4 Qa5 19. fxg7 Rg8 20. gxf8=Q+
Rxf8 21. Qf3 h6 22. Bf6 Qc5+ 23. Kh1 Qxc2 24. Rxd6 Rxb3 25. Rd8# 1-0